Deepening reform for China's long-term growth and development /

Bibliographic Details
Other Authors: Song, Ligang, (Editor), Cai, Fang, (Editor), Garnaut, Ross, (Editor)
Format: eBook
Language:English
Published: Canberra, ACT : ANU E Press, [2014]
Subjects:
Online Access:Click to View
LEADER 01825nam a2200457 i 4500
001 EBC4562296
003 MiAaPQ
005 20200520144314.0
006 m o d |
007 cr cnu||||||||
008 181018s2014 at a o 001 0 eng d
020 |z 9781925021769 
020 |a 9781925021776  |q (electronic bk.) 
035 |a (MiAaPQ)EBC4562296 
035 |a (Au-PeEL)EBL4562296 
035 |a (CaPaEBR)ebr11584905 
035 |a (OCoLC)879538546 
040 |a MiAaPQ  |b eng  |e rda  |e pn  |c MiAaPQ  |d MiAaPQ 
043 |a a-cc---  |a u-at--- 
050 4 |a HF1359  |b .D447 2014 
082 0 |a 337.09048  |2 23 
245 0 0 |a Deepening reform for China's long-term growth and development /  |c Ligang Song, Ross Garnaut, Cai Fang, editors. 
264 1 |a Canberra, ACT :  |b ANU E Press,  |c [2014] 
264 4 |c 2014 
300 |a 1 online resource (596 pages) :  |b illustrations 
336 |a text  |b txt  |2 rdacontent 
337 |a computer  |b c  |2 rdamedia 
338 |a online resource  |b cr  |2 rdacarrier 
500 |a Includes index. 
588 |a Description based on print version record. 
590 |a Electronic reproduction. Ann Arbor, MI : ProQuest, 2018. Available via World Wide Web. Access may be limited to ProQuest affiliated libraries. 
650 0 |a International economic relations. 
650 0 |a Economic development  |z China. 
651 0 |a Australia  |x Foreign relations  |z China. 
655 4 |a Electronic books. 
700 1 |a Song, Ligang,  |e editor. 
700 1 |a Cai, Fang,  |e editor. 
700 1 |a Garnaut, Ross,  |e editor. 
776 0 8 |i Print version:  |a Song, Ligang.  |t Deepening reform for China's long-term growth and development.  |d Canberra, ACT : ANU Press, c2014   |h 596 pages   |z 9781925021769 
797 2 |a ProQuest (Firm) 
856 4 0 |u https://ebookcentral.proquest.com/lib/matrademy/detail.action?docID=4562296  |z Click to View